000 01133cad a22002535a 4500
001 L145091
008 080905e20080905xxkd f s 000 0 eng d
035 _a(Sirsi) u145091
041 0 _aeng
050 0 4 _a333.33 $2 18
110 2 _aRoyal Institution of Chartered Surveyors
_bEconomics
_95033
245 0 0 _aRICS global real estate weekly
_b5 September 2008
_h[electronic resource]
260 _aLondon
_bRICS
_c2008
490 0 _aRICS Global Real Estate Weekly
_v5 September 2008
520 _aConsiders Canadian data on building permits and housing starts; the interest rate decision from the Bank of Korea; US pending homes sales numbers and activity in the New Zealand housing market.
590 _aKA
650 2 4 _aRICS GLOBAL REAL ESTATE WEEKLY
651 4 _aInternational
690 _aBUILT ENVIRONMENT-CONSTRUCTION MARKET
690 _aPROPERTY-COMMERCIAL PROPERTY-COMMERCIAL PROPERTY MARKET
690 _aPROPERTY-RESIDENTIAL PROPERTY-RESIDENTIAL PROPERTY MARKET
856 4 0 _uhttps://www.rics.org/site/scripts/download_info.aspx?downloadID=1138
_zView the report free of charge at www.rics.org...
942 _n0
999 _c108692
_d108692